[Event "KOS-ch"]
[Site "Pristina"]
[Date "2022.11.20"]
[Round "9"]
[White "Basha, Lir"]
[Black "Avdiu, Azem"]
[Result "0-1"]
[WhiteElo "1394"]
[BlackElo "1698"]
[PlyCount "70"]
[EventDate "2022.11.11"]
[EventType "swiss"]
[EventRounds "9"]
[EventCountry "KOS"]
[SourceTitle "CBM 211 Extra"]
[Source "ChessBase"]
[SourceDate "2023.01.31"]
[SourceVersion "1"]
[SourceVersionDate "2023.01.31"]
[SourceQuality "1"]

1. e4 c5 2. d4 cxd4 3. c3 dxc3 4. Nxc3 e6 5. Nf3 Bb4 6. Bc4 Nc6 7. 0-0 a6 8. Qe2 Bc5 9. Rd1 d6 10. Bf4 Qe7 11. Na4 e5 12. Nxc5 dxc5 13. Bg3 Nf6 14. Bd5 Nd4 15. Qe3 Nc2 16. Qc3 Nxa1 17. Nxe5 0-0 18. Rxa1 Be6 19. Rd1 Rad8 20. Qf3 Rd7 21. Nxd7 Qxd7 22. Bxe6 Qxe6 23. e5 Ng4 24. Rd6 Qc4 25. Bf4 Nh6 26. Bxh6 gxh6 27. h4 b5 28. Rxh6 Qc1+ 29. Kh2 Qxh6 30. g3 Re8 31. Qd5 Qe6 32. Qxc5 Rc8 33. Qe3 Rc2 34. h5 Qf5 35. Kg2 Qxh5 0-1